00534 2200181 4500001002100000008004100021035002000062245010800082100004300190250000600233260004200239300001100281084001400292082000800306650001400314990001200328990001200340INLIS000000000000622 ind  a0010-0424000598 aKumpulan Soal dan Pembahasan Olimpiade Sains Matematika Jilid 3cLembaga Olimpiade Pendidikan Indonesia aLembaga Olimpiade Pendidikan Indonesia a1 aJakarta :bBina Prestasi Insanic2014 a94 hlm a510 LEM k a510 aNon Fiksi a0722432 a0722433